Diversification as a Strategy of Mergers and Acquisitions

Pohľad na diverzifikáciu ako stratégiu fúzií a akvizícií. Diverzifikácia ako na významný faktor v raste podnikov.

Gespeichert in:
Bibliographische Detailangaben
1. Verfasser: Polednáková, Anna, 1957-
Format: Buchkapitel
Sprache:Englisch
Schlagworte:
Tags: Tag hinzufügen
Keine Tags, Fügen Sie das erste Tag hinzu!

MARC

LEADER 00000naa$a2200000$$$4500
001 0251114
005 20240502083718.0
041 0 |a eng 
044 |a CZ 
245 1 0 |a Diversification as a Strategy of Mergers and Acquisitions  |c Anna Polednáková 
520 |a Pohľad na diverzifikáciu ako stratégiu fúzií a akvizícií. Diverzifikácia ako na významný faktor v raste podnikov. 
610 2 0 |a fúzie 
610 2 0 |a diverzifikácia 
610 2 0 |a manažment strategický 
610 2 0 |a hodnota podniku 
100 1 |a Polednáková, Anna, 1957-